00863cam5a220024100 4500001001200000005001700012008004100029010001600070035002000086035002200106035002200128040000900150050002500159100003700184245010000221260002800321490006100349504003200410600007500442949007800517004000700595999001900602qce0085801120190826090959.0740424s1973 sz b 000 0beng  a 74162093 a(Sirsi) r103142 a(QCAT)lss00597905 a(UPRA)qce00858011 dUPRA0 aDC 36.98.T4 Smi 19731 aSmithson, Rulon Nephi.6A60670.110aAugustin Thierry :bSocial and political consciousness in the evolution of a historical method. aGeneve :bDroz,c(1973)0 aHistoire des idees et critique litteraire ;v1296S597.1 aBibliography: p. [307-317].10aThierry, Augustin, 1795-1856.dThierry, Augustin, 1795-1856.6S46902.1 aDC 36.98.T4 Smi 1973wlccc 1i33729000069372mMAINp2500tBOOKlON-SHELF103142 c160010d160010